|
|
|
|
| LEADER |
01909nam a2200421 a 4500 |
| 001 |
nkc20091963214 |
| 003 |
CZ PrNK |
| 005 |
20180528150607.0 |
| 007 |
ta |
| 008 |
090612s2009 xr a e p 001 0 cze |
| 015 |
|
|
|a cnb001963214
|
| 020 |
|
|
|a 978-80-200-1679-9
|q (brož.)
|
| 035 |
|
|
|a (OCoLC)428370772
|
| 040 |
|
|
|a ABA001
|b cze
|
| 072 |
|
7 |
|a 316.4/.7
|x Sociální interakce. Sociální komunikace
|2 Konspekt
|9 18
|
| 072 |
|
7 |
|a 37.016
|x Učební osnovy. Vyučovací předměty. Učebnice
|2 Konspekt
|9 22
|
| 080 |
|
|
|a 316.6
|2 MRF
|
| 080 |
|
|
|a (075.8)
|2 MRF
|
| 100 |
1 |
|
|a Nakonečný, Milan,
|d 1932-2025
|7 jk01082681
|4 aut
|
| 245 |
1 |
0 |
|a Sociální psychologie /
|c Milan Nakonečný
|
| 250 |
|
|
|a Vyd. 2., rozš. a přeprac.
|
| 260 |
|
|
|a Praha :
|b Academia,
|c 2009
|
| 300 |
|
|
|a 498 s. :
|b il. ;
|c 21 cm
|
| 504 |
|
|
|a Obsahuje bibliografii, bibliografické odkazy a rejstříky
|
| 650 |
0 |
7 |
|a sociální psychologie
|7 ph116212
|2 czenas
|
| 650 |
0 |
9 |
|a social psychology
|2 eczenas
|
| 655 |
|
7 |
|a učebnice vysokých škol
|7 fd133772
|2 czenas
|
| 655 |
|
9 |
|a textbooks (higher)
|2 eczenas
|
| 856 |
4 |
1 |
|u http://www.digitalniknihovna.cz/mzk/uuid/uuid:bd4c2200-0038-11e5-9d6f-005056827e51
|y Digitalizovaný dokument
|x NDK
|
| 910 |
2 |
|
|a BOA001
|b 2-1227.058
|
| 990 |
|
|
|a BK
|
| 995 |
|
|
|a 01
|
| 991 |
|
|
|b 200907
|c NOV
|j 316.4/.7 NAK
|
| 996 |
6 |
|
|b 2610383531
|c 2-1227.058
|l MZK
|r Sklad / do 1 hodiny
|n 43
|p p.v.
|w 001086505
|u 000010
|a 1
|e BOA001
|j MZK50
|s P
|
| 996 |
7 |
|
|b 2610387826
|c 2-1227.058
|l Vol.výběr
|r VV 0p
|n 77
|p kup
|h 316.4/.7 NAK
|w 001086505
|u 000020
|a 0
|e BOA001
|j MZK50
|s A
|
| 996 |
7 |
|
|b 2610387827
|c 2-1227.058
|l Vol.výběr
|r VV 0p
|n 76
|p kup
|h 316.4/.7 NAK
|w 001086505
|u 000030
|a 0
|e BOA001
|j MZK50
|s A
|
| 996 |
7 |
|
|b 2610479477
|c 2-1227.058
|l Vol.výběr
|r VV 0p
|n 58
|p kup
|h 316.4/.7 NAK
|w 001086505
|u 000040
|a 0
|e BOA001
|j MZK50
|s A
|
| 996 |
7 |
|
|b 2610479478
|c 2-1227.058
|l Vol.výběr
|r VV 0p
|n 68
|p kup
|h 316.4/.7 NAK
|w 001086505
|u 000050
|a 0
|e BOA001
|j MZK50
|s A
|